Introduction to space sciences and spacecraft applications /

Bibliographic Details
Main Author: Campbell, Bruce A., 1955-
Other Authors: McCandless, Samuel Walter
Format: eBook
Language:English
Published: Houston, Tex. : Gulf Pub., [1996]
Subjects:
Online Access:Connect to the full text of this electronic book

MARC

Tag First Indicator Second Indicator Subfields
LEADER 00000cam a2200000Ia 4500
001 in00002425175
005 20190327171601.0
006 m d
007 cr cn|||||||||
008 070830s1996 txuab sb 001 0 eng d
020 |a 9780884154112 
020 |a 0884154114 
035 |a (OCoLC)ocn166434667 
035 |a (OCoLC)166434667 
037 |a 152873:153028  |b Elsevier Science & Technology  |n http://www.sciencedirect.com 
040 |a OPELS  |c OPELS  |d UtOrBLW 
049 |a TEFA 
050 1 4 |a TL791  |b .C36 1996eb 
082 0 4 |a 629.4  |2 22 
100 1 |a Campbell, Bruce A.,  |d 1955- 
245 1 0 |a Introduction to space sciences and spacecraft applications /  |c Bruce A. Campbell and Samuel Walter McCandless, Jr. 
264 1 |a Houston, Tex. :  |b Gulf Pub.,  |c [1996] 
264 4 |c ©1996 
300 |a 1 online resource (x, 237 pages) :  |b illustrations, maps 
336 |a text  |b txt  |2 rdacontent 
337 |a computer  |b c  |2 rdamedia 
338 |a online resource  |b cr  |2 rdacarrier 
504 |a Includes bibliographical references and index. 
500 |a Electronic resource. 
650 0 |a Astronautics. 
650 0 |a Space vehicles. 
655 7 |a Electronic books.  |2 local 
700 1 |a McCandless, Samuel Walter. 
730 0 |a Referex. 
776 1 |c Original  |z 0884154114  |z 9780884154112  |w (DLC) 96014936  |w (OCoLC)34553414 
856 4 0 |u http://proxy.library.tamu.edu/login?url=http://www.sciencedirect.com/science/book/9780884154112  |z Connect to the full text of this electronic book  |t 0 
994 |a C0  |b TEF 
999 |a MARS 
999 f f |s e368db6e-6ea1-3365-b538-bbdd5b3e9421  |i 1509dd80-76fa-31e1-a83d-310f07967d11  |t 0 
952 f f |a Texas A&M University  |b College Station  |c Electronic Resources  |d Available Online  |t 0  |e TL791 .C36 1996eb  |h Library of Congress classification 
998 f f |a TL791 .C36 1996eb  |t 0  |l Available Online